Parasitosis humanas. (Registro nro. 386)

Detalles MARC
000 -LEADER
fixed length control field 00741 am a2200217 a 4500
005 - FECHA ULTIMA MODIFICACION
control field 20240223133602.0
008 - CAMPO DE CONTROL (LIBRO)
fixed length control field 100618s1992||||ck a f |||| 001 0 spa d
020 ## - INTERNATIONAL STANDARD BOOK NUMBER
ISBN S/N
041 ## - CODIGO DE IDIOMA
Código de idioma del texto/pista de sonido o título separado spa
092 ## - SIGNATURA TOPOGRAFICA DEWEY LOCAL
número de clasificación 616.96
libristica 8
sección BOT
100 1# - ENTRADA PRINCIPAL--NOMBRE PERSONAL
Nombre personal Botero, David.
9 (RLIN) 1200
245 ## - TITULO PROPIAMENTE DICHO
Título Parasitosis humanas.
Subtítulo y Título paralelo Incluye animales venenosos y ponzoñosos /
Mención de responsabilidad y remanente de la transcripción de la portada David Botero
250 ## - MENCION DE EDICION
Mención de edición 2a ed.
260 ## - PIE DE IMPRENTA
Lugar de publicación, distribución, etc Medellin [Colombia]:
Nombre de la editorial, distribuidor, etc CIB Corporación para Investigaciones Biológicas;
Fecha de publicación 1992.
300 ## - DESCRIPCION FISICA
Extension 418 p.
500 ## - NOTA GENERAL
Nota general Botero, D. y Restrepo M. (1992). Parasitosis humanas. Incluye animales venenosos y ponzoñosos. (2a ed.). Medellin [Colombia] : CIB.
653 ## - TÉRMINO INDIZADO - PALABRAS CLAVES
Palabra clave Parasitosis
700 1# - ENTRADAS SECUNDARIAS - NOMBRE PERSONAL
Nombre personal Restrepo, Marcos.
9 (RLIN) 1201
930 ## - NUMERO DE INVENTARIO
Número de inventario 1664
942 ## - ADDED ENTRY ELEMENTS (KOHA)
Source of classification or shelving scheme Dewey Decimal Classification
Item type Libros
Existencias
Estado de retiro Existencia Fuente de clasificación Estado general No para prestamo Ubicación permanente ubicación actual Sala de ubicación Fecha de adquisición Total Checkouts Número de clasificación Código de barras Date last seen Date last borrowed Número de ejemplar Price effective from Koha tipo de elemento (item) Public note Coded location qualifier Fuente de adquisición
    Dewey Decimal Classification     Biblioteca Medicina Biblioteca Medicina Circulación 13/05/2011 12 616.96 8 BOT 1664 06/09/2017 04/09/2017 ej.1 13/05/2011 Libros Hemeroteca 2022    
    Dewey Decimal Classification     Biblioteca Medicina Biblioteca Medicina Circulación 19/05/2025   616.96 8 BOT 5033 15/10/2025   Ej. 2 19/05/2025 Libros Donación Mayo 2025. Sede Tordos   Donación Mayo 2025.

UNIVERSIDAD NACIONAL DEL COMAHUE
Biblioteca de la Facultad de Ciencias Médicas
Sede Toschi: Los Arrayanes y Av. Toschi, Cipolletti  - Rio Negro
Sede Los Tordos:  Yrigoyen al 2211, Cipolletti - Rio Negro 

Teléfono: 0299 - 4774707 int 25
Contacto: biblioteca@facimed.uncoma.edu.ar
© 2011 - 2026